000 002640000a22000970004500
100 1 _aLeBlanc, Terry
245 1 0 _aCompassionate community... or unchecked greed?
300 _aVol.22, núm.4 (September, 2000), Página 21
773 0 _tMission Frontiers
942 _cANA
999 _c60379
_d60379